| 000 | 00500nam a2200157 a 4500 | ||
|---|---|---|---|
| 005 | 20140513081057.0 | ||
| 008 | 070925s19uu xx 00 eng d | ||
| 050 |
_aVCD _bTh454 2001 |
||
| 245 | _aThomas Edison. | ||
| 260 |
_aPhilippines : _bNest, _c2001. |
||
| 440 | _aThe Animated stories classics | ||
| 500 | _aRun time: 30 minutes | ||
| 520 | _aFamous who quoted:"Genius is about one percent inspiration and ninety-nine percent perspiration." | ||
| 650 | _aScientist-inventor. | ||
| 999 |
_c116569 _d116569 |
||